000 00357nam a2200133Ia 4500
003 GCL
008 140319s9999 xx 000 0 ara d
040 _aGCL /
_cGCL
082 0 4 _a813.03
_bا ق
245 1 0 _aالقبر المجهول او الاصول
260 _a[S.N] :
_bالدار التونسية للنشر ،
_c1984
300 _a256 ص
490 _a
999 _c35369
_d35369